| 000 | 00710nam0a22002411 4500 | ||
|---|---|---|---|
| 001 | RU\INFOCOMM_322\NLR\5000258656 | ||
| 005 | 20250613112826.0 | ||
| 035 | _a(NLR Aleph) 009621958 | ||
| 090 |
_a9438334 _c9438334 |
||
| 100 | _a20130323d1918 |||y0rusy50 ca | ||
| 101 | 0 | _aeng | |
| 102 | _aRU | ||
| 105 | _ay z ||||| | ||
| 200 | 1 |
_aThe old order in Europe and the new order in Russia _fBy M. Philips Price |
|
| 210 |
_a[Moscow] _cDepartment of Soviet propaganda _d[1918] |
||
| 215 |
_a48 с. _d17 см |
||
| 620 | _aМосква | ||
| 700 | 1 |
_aPrice _bM. Ph. _f1885- _gMorgan Philips |
|
| 801 | 1 |
_aRU _bInfocomm _c20130323 |
|
| 801 | 0 |
_aRU _bINFOCOMM _gPSBO |
|
| 852 |
_aNLR _jС-8/58 |
||
| 942 | _cBOOK | ||
| 980 | _aNB | ||